000 00272nam a22001217a 4500
008 170825b xxu||||| |||| 00| 0 eng d
041 _aeng
080 _a070
100 _a39
101 _aMED
245 _aUNDERSTANDING MASS COMMUNICATION
_cDENIS.D
942 _2udc
_cBK
999 _c25118
_d25118